Score 0/24 Timer 04:00
0 Plays Today
% Correct
Rick Grimes
94.9%
Daryl Dixon
93.7%
Glenn Rhee
92.9%
Maggie Greene
87.2%
Carl Grimes
87.1%
Carol Peletier
84.6%
Lori Grimes
82.9%
Michonne
82.5%
Beth Greene
82.3%
Andrea
80%
Sasha
78.1%
Shane Walsh
74.8%
% Correct
The Governor
73.3%
Merle Dixon
71.2%
Theodore 'T-Dog' Douglas
67%
Sophia Peletier
67%
Hershel Greene
63.5%
Morgan Jones
56.6%
Tyreese
54.4%
Dale Horvath
52%
Dr. Edwin Jenner
33.5%
Axel
31.2%
Ed Peletier
29%
Milton Mamet
28.9%
Remove Ads.
Support Sporcle.
Get the best of Sporcle when you Go Orange. This ad-free experience offers more features, more stats, and more fun while also helping to support Sporcle. Thank you for becoming a member.

You're not logged in!

Compare scores with friends on all Sporcle quizzes.
OR
Log In

Show Comments

Extras

Top Quizzes Today


Score Distribution

Your Account Isn't Verified!

In order to create a playlist on Sporcle, you need to verify the email address you used during registration. Go to your Sporcle Settings to finish the process.

Report this User

Report this user for behavior that violates our Community Guidelines.

Details: